00378nam a2200121 a 450000500170000000800410001705000260005824500470008425000120013126000790014330000160022265000180023820140412111232.0010522s19uu xx 00 eng d aTR(GS 379.3bP44 1992 aManual of regulations for private schools. a8th Ed. aPhilippines :bCatholic Educational Association of the Philippines,c1992. a62p. ; ill. aSchool Manual